000 00265nam a2200097Ia 4500
005 20251222114354.0
008 251222s1900||||xx |||||||||||||| ||spa||
082 _aDVD0120/H71/1998
245 0 _aGreat composers Vol. 2: Brahm, Chopin, Mendelssohn,Schubert:
942 _cDVD
999 _c1363
_d1363